1058 1011 1730 1244 1856 1725 1383 1696 1376 1893 1728 1149 1188 1427 1182 1632 1794 1386 1628 1296 1433 1977 1051 1025 1796 1856 1813 1035 1381 1631 1687 1805 1907 1004 1821 1018 1323 1068 1667 1802 1011 1986 1662 1826 1483 1608 1719 1651 1603 1160 1957 1677 1174 1653 1839 1303 1112 1676 1309 1818 1958 1962 1838 1303 1268 1864 1643 1503 1285 1657 1611 1975 1248 1496 1151 1349 1739 1787 1924 1016 1553 1415 1420 1012 1074 1829 1629 1408 1454 1435 1218 1716 1095 1533 1591 1210 1430 1340 1544 BCNSPRNW ULIB Ver.6.0+V

เปลี่ยนเป็นภาษาไทย

Change to English
 แสดงรายละเอียดบรรณานุกรม
  กลับหน้าหลัก

Brief Record : Get Marc (ISO 2709) : E-mail record : QR code < ปิดหน้าต่าง
LEADER : 00000nam 2200000uu 4500
001    13399120889
003     ULIB
008    121024s2550||||th 000 0 tha d
099    ^aวจ.WY18^bอ857ก
100    ^aอมาวสี อัมพันศิริรัตน์, อริสา จิตต์วิบูลย์, ณัชยา สุภีปรี, แผ จันทร์สุข และกัญญ์สิริ จันทร์เจริญ
245    ^a การดูแลอย่างเอื้ออาทร ของนักศึกษาพยาบาลต่างวัฒนธรรม: มุมมองของพุทธและมุสลิม/^cอมาวสี อัมพันศิริรัตน์,อริสา จิตต์วิบูลย์, ณัชยา สุภีปรี, แผ จันทร์สุข และกัญญ์สิริ จันทร์เจริญ
260    ^aสงขลา :^bวิทยาลัยพยาบาลบรมราชชนี สงขลา,^c2550
300    ^a79 หน้า
650  7 ^aพฤติกรรมเอื้ออาทร^xวิจัย
700 0  ^aอริสา จิตต์วิบูลย์
700    ^a ณัชยา สุภีปรี
700    ^a แผ จันทร์สุข
710 1  ^aวิทยาลัยพยาบาลบรมราชชนี สงขลา
945    ^p0^l0^i023455
995    ^a เกษร
999    ^aใช้งานได้ทุกระบบ
รายการนี้ยังไม่มีแท็ก
คุณยังไม่ได้ล็อกอิน คุณสามารถมีกิจกรรมร่วมกับเว็บไซต์ได้ แต่ต้องล็อกอินก่อน ::
  ล็อกอิน

รายการสื่อสารสนเทศ

ลำดับที่ ประเภท เลขเรียก/บาร์โค้ด สถานที่ สถานะ
1. งานวิจัย
งานวิจัย
วจ.WY18 อ857ก  
  Barcode: 023455
ห้องสมุดวิทยาเขตสวรรค์ประชารักษ์
►วิจัย
บนชั้น

BibComment


ยังไม่เคยถูกคอมเมนท์

คอมเมนท์ทรัพยากรรายการนี้
  คอมเมนท์: การดูแลอย่าง..


 Copyright 2026. Bcnsprnw @Library